000 00315nam a2200109 4500
999 _c10685
_d10685
008 180917b ||||| |||| 00| 0 eng d
245 _aNew India law to stop use of dummies by the rich.
260 _aPhilippines
_bPhilippine Daily Inquirer
_cc2017
300 _apage A26.
650 0 _937120
_aLaw.
942 _2ddc
_cPER